Strzelcy Premier League w klubach 2021/22 - Statystyki

Ogólne statystyki
  • Ten quiz został rozwiązany 37 razy
  • Średni wynik to 13 z 20
Statystyki odpowiedzi
Klub Narodowość # Nazwisko % Poprawnych
Manchester City Belgia 15 Kevin De Bruyne
100%
Liverpool Egipt 23 Mohamed Salah
100%
Tottenham Hotspur Korea Południowa 23 Heung-min Son
97%
Leicester City Anglia 15 Jamie Vardy
94%
Manchester United Portugalia 18 Cristiano Ronaldo
86%
Arsenal Anglia 11 Bukayo Saka
83%
Wolverhampton Wanderers Meksyk 6 Raúl Jiménez
83%
Aston Villa Anglia 11 Ollie Watkins
77%
Norwich City Finlandia 11 Teemu Pukki
77%
Crystal Palace WKS 14 Wilfried Zaha
71%
Everton Brazylia 10 Richarlison
69%
Brentford Anglia 12 Ivan Toney
60%
West Ham United Anglia 12 Jarrod Bowen
60%
Newcastle United Anglia 8 Callum Wilson
54%
Leeds United Brazylia 11 Raphinha
54%
Chelsea Anglia 11 Mason Mount
51%
Brighton Francja/Belgia 8 Neal Maupay/Leandro Trossard
49%
Southampton Anglia 10 James Ward-Prowse
26%
Burnley WKS 9 Maxwel Cornet
11%
Watford Nigeria 10 Emmanuel Dennis
3%
Nie znaleziono quizów pasujących do podanych kryteriów
Rozkład punktacji
Procent ludzi z każdym wynikiem
Percentyl według liczby udzielonych odpowiedzi
Twoja historia wyników
Nie rozwiązałeś tego quizu